Деревня Ивановка: повести и рассказы

Bibliografische gegevens
Hoofdauteur: Шумилов И. Л. Иван Леонтьевич
Samenvatting:Исключено из фонда НТБ ТПУ
Taal:Russisch
Gepubliceerd in: Барнаул, Алтайское кн. изд-во, 1978
Formaat: MixedMaterials Boek
KOHA link:https://koha.lib.tpu.ru/cgi-bin/koha/opac-detail.pl?biblionumber=153468

MARC

LEADER 00000nam0a2200000 4500
001 153468
005 20231031151416.0
035 |a (RuTPU)RU\TPU\book\166497 
090 |a 153468 
100 |a 20090212d1978 m y0rusy50 ca 
101 0 |a rus 
102 |a RU 
105 |a y z 000ay 
200 1 |a Деревня Ивановка  |e повести и рассказы  |f И. Л. Шумилов 
210 |a Барнаул  |c Алтайское кн. изд-во  |d 1978 
215 |a 176 с. 
333 |a Исключено из фонда НТБ ТПУ 
700 1 |a Шумилов  |b И. Л.  |g Иван Леонтьевич 
801 1 |a RU  |b 63413507  |c 20090212  |g PSBO 
801 2 |a RU  |b 63413507  |c 20160311  |g RCR 
942 |c BK